<?xml version="1.0" encoding="UTF-8"?>
<record
    xmlns:xsi="http://www.w3.org/2001/XMLSchema-instance"
    xsi:schemaLocation="http://www.loc.gov/MARC21/slim http://www.loc.gov/standards/marcxml/schema/MARC21slim.xsd"
    xmlns="http://www.loc.gov/MARC21/slim">

  <leader>01905nam a22002417a 4500</leader>
  <controlfield tag="005">20251206124321.0</controlfield>
  <controlfield tag="008">220906b           ||||| |||| 00| 0 eng d</controlfield>
  <datafield tag="020" ind1=" " ind2=" ">
    <subfield code="a">9788125063513</subfield>
  </datafield>
  <datafield tag="040" ind1=" " ind2=" ">
    <subfield code="c">AL</subfield>
  </datafield>
  <datafield tag="041" ind1=" " ind2=" ">
    <subfield code="a">eng</subfield>
  </datafield>
  <datafield tag="082" ind1=" " ind2=" ">
    <subfield code="2">23</subfield>
    <subfield code="a">820.301</subfield>
    <subfield code="b">RAJP</subfield>
  </datafield>
  <datafield tag="100" ind1=" " ind2=" ">
    <subfield code="a">Rajelakhmy</subfield>
    <subfield code="9">248156</subfield>
  </datafield>
  <datafield tag="245" ind1=" " ind2=" ">
    <subfield code="a">Path and many shadows and twelve stories</subfield>
  </datafield>
  <datafield tag="260" ind1=" " ind2=" ">
    <subfield code="a">Hyderabad</subfield>
    <subfield code="b">Orient Blackswan</subfield>
    <subfield code="c">2016</subfield>
  </datafield>
  <datafield tag="300" ind1=" " ind2=" ">
    <subfield code="a">x,310p.</subfield>
    <subfield code="b">PB</subfield>
    <subfield code="c">22x14cm.</subfield>
  </datafield>
  <datafield tag="365" ind1=" " ind2=" ">
    <subfield code="2">English</subfield>
    <subfield code="a">3496</subfield>
    <subfield code="b">542.00</subfield>
    <subfield code="c">&#x20B9;</subfield>
    <subfield code="d">695.00</subfield>
    <subfield code="e">22%</subfield>
    <subfield code="f">09-08-2022</subfield>
  </datafield>
  <datafield tag="520" ind1=" " ind2=" ">
    <subfield code="a">"The anguish of yesterdays, the emptiness of today and the futility of tomorrows &#x2013; did she glimpse them all, in that moment?" A Path and Many Shadows is a Kerala Sahitya Akademi Award winning novel by Rajelakshmy. It is the story of a girl growing up in southern India in the 1950s and how she blossoms as an individual. We are shown the formative years of Mani, who encounters a society that is deeply patriarchal. We read about her choices and mistakes, her desires and failings and the ultimate realisation that liberation lies in pursuing what one&#x2019;s heart desires, come what may. Rajelakshmy, one of Kerala&#x2019;s prominent writers, committed suicide in 1965. And now, fifty years later, R. K. Jayasree resurrects her fictional world in the English language. The themes dealt with here &#x2013; questioning faith, battling oppression, facing desire, choosing death &#x2013; continue to speak to the world today. This book, which includes twelve short stories, contains a critical introduction that shows how Rajelakshmy&#x2019;s fiction lays bare the working of the writer&#x2019;s mind. It will interest students of literature, gender studies and translation and the general reader interested in fiction.</subfield>
  </datafield>
  <datafield tag="650" ind1=" " ind2=" ">
    <subfield code="a">Indian English Fiction</subfield>
    <subfield code="9">56672</subfield>
  </datafield>
  <datafield tag="650" ind1=" " ind2=" ">
    <subfield code="a">Indian English Short Stories</subfield>
    <subfield code="9">56673</subfield>
  </datafield>
  <datafield tag="650" ind1=" " ind2=" ">
    <subfield code="a">Malayalam Tr in Enlgish</subfield>
    <subfield code="9">56676</subfield>
  </datafield>
  <datafield tag="700" ind1=" " ind2=" ">
    <subfield code="a">Jayasree R K Tr</subfield>
    <subfield code="9">56677</subfield>
  </datafield>
  <datafield tag="942" ind1=" " ind2=" ">
    <subfield code="2">ddc</subfield>
    <subfield code="c">BK</subfield>
  </datafield>
  <datafield tag="999" ind1=" " ind2=" ">
    <subfield code="c">224522</subfield>
    <subfield code="d">224522</subfield>
  </datafield>
  <datafield tag="952" ind1=" " ind2=" ">
    <subfield code="0">0</subfield>
    <subfield code="1">0</subfield>
    <subfield code="2">ddc</subfield>
    <subfield code="4">0</subfield>
    <subfield code="7">0</subfield>
    <subfield code="8">ENG</subfield>
    <subfield code="a">AL</subfield>
    <subfield code="b">AL</subfield>
    <subfield code="d">2022-08-11</subfield>
    <subfield code="e">Biblios Book Point, Surathkal, Mangalore-575014</subfield>
    <subfield code="g">542.00</subfield>
    <subfield code="l">0</subfield>
    <subfield code="o">820.301 RAJP</subfield>
    <subfield code="p">075978</subfield>
    <subfield code="r">2022-09-06 00:00:00</subfield>
    <subfield code="v">695.00</subfield>
    <subfield code="w">2022-08-09</subfield>
    <subfield code="y">BK</subfield>
  </datafield>
</record>
